| 000 | 00590nam a2200181 i 4500 | ||
|---|---|---|---|
| 001 | 100925 | ||
| 003 | ES-MaACL | ||
| 005 | 20230906182804.0 | ||
| 007 | t| | ||
| 008 | 051006s1972 sp ||||1| spa d | ||
| 245 | 0 | 0 |
_aMatrimonio para dos o El libro de la pareja / _cPedro Pérez-Medrano... Severiano Aguirre... Teresa Gil de Durero... |
| 260 |
_aMadrid : _bStudium, _c1972. |
||
| 300 |
_a205 p. ; _c21 cm. |
||
| 700 | 1 |
_aPérez-Medrano Rubio, Pedro. _991018 |
|
| 700 | 1 |
_aAguirre, Severiano. _918846 |
|
| 700 | 1 |
_aGil de Durero, Teresa. _956793 |
|
| 852 |
_aES-MaACL _jC-48796 _bR.84643 |
||
| 999 |
_c100925 _d100925 |
||